Surviving The Storm (Record no. 327405)

MARC details
000 -LEADER
fixed length control field 00492nam a2200169Ia 4500
008 - FIXED-LENGTH DATA ELEMENTS--GENERAL INFORMATION
fixed length control field 230718s9999 xx 000 0 und d
020 ## - INTERNATIONAL STANDARD BOOK NUMBER
International Standard Book Number 9780670085255
041 ## - LANGUAGE CODE
Language code of text/sound track or separate title eng
082 ## - DEWEY DECIMAL CLASSIFICATION NUMBER
Classification number 332.6
Item number NAY
100 ## - MAIN ENTRY--PERSONAL NAME
Personal name Nayyar D.(Editor)
9 (RLIN) 175943
245 ## - TITLE STATEMENT
Title Surviving The Storm
Remainder of title India And The Global Financial Crisis
260 ## - PUBLICATION, DISTRIBUTION, ETC. (IMPRINT)
Date of publication, distribution, etc. 2010
Name of publisher, distributor, etc. Portfolio
300 ## - PHYSICAL DESCRIPTION
Extent 188
365 ## - TRADE PRICE
Currency code Rs.
Price amount 499.00
700 ## - ADDED ENTRY--PERSONAL NAME
Personal name Nayyar D.(Editor)
9 (RLIN) 175943
906 ## - LOCAL DATA ELEMENT F, LDF (RLIN)
d O:0160510-Mar-2011B:704003-Feb-2011
c COMP
b 124.75
Holdings
Withdrawn status Lost status Damaged status Not for loan Home library Current library Date acquired Vendor Budget Code Cost, normal purchase price Bill number Total Checkouts Full call number Barcode Date last seen Discount Cost, replacement price Bill Date Koha item type Original Barcode
        Cummins College of Engineering for Women Pune Cummins College of Engineering for Women Pune 10/03/2011 Tbs COMP 374.25 7040   332.6 CCEP-BK-38612 18/07/2023 124.75 499.00 03/02/2011 Books 038612